000 00559nam a2200121Ia 4500
008 220615s9999||||xx |||||||||||||| ||und||
245 0 _aModern Islamic Thinking and Activism
_bDynamics in the West and in the Middle East
546 _aEnglish[eng]
650 _aSociology||Islam studies||Europe
700 _aToguslu, Erkan
856 _uhttps://library.oapen.org/bitstream/20.500.12657/25961/1/1004122.pdf||https://library.oapen.org/bitstream/20.500.12657/25961/1/1004122.pdf||https://library.oapen.org/bitstream/20.500.12657/25961/1/1004122.pdf
942 _cEB
999 _c13506
_d13506